| 000 | 00470nam a2200169Ia 4500 | ||
|---|---|---|---|
| 005 | 20241219141330.0 | ||
| 008 | 231217s9999 xx 000 0 und d | ||
| 020 | _a9780070702080 | ||
| 082 | _a001.64404 FOR;18 | ||
| 100 | _aForouzan, Behrouz A. Mukhopadhyah, Debdeep. | ||
| 245 | 0 | _aCryptography and network security | |
| 250 | _a2nd ed. | ||
| 260 |
_c2010 _bTata McGraw-Hill _aNew Delhi |
||
| 300 | _axxiv, 702 | ||
| 650 | _aCryptography,network | ||
| 942 | _cAA | ||
| 999 |
_c191601 _d191601 |
||